Music Quiz

Random Music Quiz

'The Driveway' by Miley Cyrus Lyrics Quiz Stats

 Plays Quiz not verified by Sporcle

Score 0/295 Timer 10:00
0 Plays Today
Answer % Correct
the
98.6%
the
98.6%
and
98.6%
driveway
98.6%
drive
98.6%
driveway
98.6%
it's
97.3%
of
97.3%
it
97.3%
the
97.3%
the
97.3%
the
97.3%
of
97.3%
the
97.3%
the
97.3%
A
97.3%
the
97.3%
the
97.3%
A
97.3%
the
97.3%
of
97.3%
it
97.3%
the
97.3%
and
97.3%
the
97.3%
the
97.3%
the
97.3%
of
97.3%
the
97.3%
the
97.3%
it
97.3%
and
97.3%
it
97.3%
of
97.3%
it
97.3%
the
97.3%
and
97.3%
the
97.3%
the
97.3%
driveway
97.3%
the
97.3%
of
97.3%
the
97.3%
the
97.3%
the
97.3%
too
95.9%
to
95.9%
No
95.9%
to
95.9%
to
95.9%
you
95.9%
You
95.9%
you
95.9%
it's
95.9%
for
95.9%
I
95.9%
It's
95.9%
road
95.9%
For
95.9%
us
95.9%
It's
95.9%
late
95.9%
for
95.9%
It's
95.9%
road
95.9%
us
95.9%
it's
95.9%
It's
95.9%
us
95.9%
its
95.9%
not
94.6%
not
94.6%
to
94.6%
too
94.6%
I
94.6%
to
94.6%
I
94.6%
be
94.6%
end
94.6%
too
94.6%
to
94.6%
to
94.6%
not
94.6%
we
94.6%
I
94.6%
You
94.6%
you
94.6%
to
94.6%
too
94.6%
I
94.6%
I
94.6%
to
94.6%
I
94.6%
be
94.6%
end
94.6%
For
94.6%
too
94.6%
late
94.6%
to
94.6%
Answer % Correct
I
94.6%
we
94.6%
I
94.6%
I
94.6%
I
94.6%
I
94.6%
to
94.6%
be
94.6%
you
94.6%
I
94.6%
I
94.6%
to
94.6%
I
94.6%
be
94.6%
end
94.6%
road
94.6%
for
94.6%
too
94.6%
late
94.6%
to
94.6%
to
94.6%
so
93.2%
your
93.2%
not
93.2%
nothing
91.9%
nothing
91.9%
So
91.9%
will
91.9%
nothing
91.9%
your
91.9%
nothing
91.9%
So
91.9%
will
91.9%
your
91.9%
your
91.9%
so
91.9%
will
91.9%
way
90.5%
but
90.5%
guess
90.5%
but
90.5%
what
90.5%
way
90.5%
But
90.5%
guess
90.5%
but
90.5%
but
90.5%
what
90.5%
what
90.5%
but
90.5%
way
90.5%
but
90.5%
nothing
90.5%
guess
90.5%
like
89.2%
been
89.2%
getting
89.2%
old
89.2%
Let
89.2%
start
89.2%
roll.
89.2%
Let
89.2%
been
89.2%
getting
89.2%
Let
89.2%
start
89.2%
roll
89.2%
getting
89.2%
been
89.2%
let
89.2%
start
89.2%
roll
89.2%
Let
89.2%
start
89.2%
roll
89.2%
know
87.8%
know
87.8%
tried
87.8%
got
87.8%
same
87.8%
credits
87.8%
know
87.8%
like
87.8%
know
87.8%
tried
87.8%
got
87.8%
old
87.8%
like
87.8%
know
87.8%
tried
87.8%
got
87.8%
getting
87.8%
old
87.8%
well
86.5%
show
86.5%
same
86.5%
story's
86.5%
same
86.5%
same
86.5%
Answer % Correct
story's
86.5%
credits
86.5%
same
86.5%
same
86.5%
story's
86.5%
credits
86.5%
credits
86.5%
won't
85.1%
when
85.1%
when
85.1%
show
85.1%
won't
85.1%
show
85.1%
twelve
83.8%
After
83.8%
tell
83.8%
this
83.8%
hurts
83.8%
losing
83.8%
gone,
83.8%
were
83.8%
we're
83.8%
now
83.8%
soon
82.4%
this
82.4%
this
82.4%
hurts
82.4%
losing
82.4%
gone
82.4%
what's
81.1%
hold
81.1%
long.
81.1%
hold
81.1%
long
81.1%
thought
81.1%
somewhere
81.1%
at
81.1%
pretend
79.7%
About
79.7%
Face
79.7%
pain
79.7%
about
79.7%
pain
79.7%
have
78.4%
really
78.4%
still
78.4%
still
78.4%
have
78.4%
already
77%
nowhere
77%
love
77%
I've
77%
around
75.7%
remember
75.7%
all
75.7%
remember
75.7%
Can't
75.7%
down
74.3%
again.
74.3%
choosing
74.3%
choosing
74.3%
away.
74.3%
I'll
74.3%
except
73%
ever
73%
I'm
73%
except
73%
bend.
71.6%
disgrace
71.6%
as
71.6%
time
71.6%
maybe
71.6%
fall
71.6%
feels
71.6%
chase
70.3%
silence
70.3%
kiss
70.3%
Anything
68.9%
radio
68.9%
break
68.9%
Don't
68.9%
song
68.9%
liked
68.9%
think
68.9%
someday
68.9%
goodbye
67.6%
try
67.6%
watch
66.2%
taken
66.2%
thanking
66.2%
say
64.9%
fading
63.5%
right
63.5%
learned
62.2%
lot
60.8%
today
59.5%
tail lights
56.8%

You're not logged in!

Compare scores with friends on all Sporcle quizzes.
OR
Log In

Sporcle TV

Today on Sporcle TV


Watch our educational content, quiz creation guides, and fun videos on Sporcle TV.

Show Comments

Extras

Created Sep 9, 2017ReportNominate
Tags:cyrus, miley, Miley Cyrus

Top Quizzes Today


Score Distribution

Your Account Isn't Verified!

In order to create a playlist on Sporcle, you need to verify the email address you used during registration. Go to your Sporcle Settings to finish the process.

Report this User

Report this user for behavior that violates our Community Guidelines.

Details: